000 01453nam a2200253Ia 4500
999 _c37787
_d37787
001 3764
003 GE_BSU
005 20190812173624.0
008 181216s1983||||ge |||||||||||||| ||geo||
040 _cGE_BSU
041 _ageo
080 _a016:621 მ–44
245 _aვახტანგ მახალდიანი :
_bბიობიბლიოგრაფია /
_cსაქ. სსრ მეცნ. აკად., ცენტრ. სამეცნ. ბიბ-კა ; [შემდგ. ნ. ბაღათურია ; რედ.: რ. დვალი, ს. ხადური.
264 _aთბილისი :
_bმეცნიერება,
_c1983.
300 _a77 გვ.;
_b 21 სმ.
490 _aქართველი მეცნიერები
546 _a პარალ. თავფურც. რუს. ენ.. - წინასიტყვ. პარალ. ტექსტი რუს. და ინგლ. ენ.
600 _aმახალდიანი ვახტანგ
_93529
653 _aმანქანათმშენებლობა - ბიბლიოგრაფია
653 _aმახალდიანი, ვახტანგ-ბიობიბლიოგრაფია
700 _aბაღათურია, ნ.
_eშემდგენელი
_93530
700 _aდვალი, რ.
_eრედაქტორი
_91528
942 _cBK
_2udc